000
00252nam a22001217a 4500
008
180129b xxu||||| |||| 00| 0 eng d
041
_a
eng
080
_a
61
100
_a
3
101
_a
shm
245
_a
lets be healthy
_c
beka.j
942
_2
udc
_c
BK
999
_c
41157
_d
41157